000 nam a22 a 4500
999 _c1990
_d1990
003 AKMAL
005 20170512161057.0
008 170512s2002 myw 00 may d
020 _a9679120619 (kkt.)
_cPercuma
039 9 _a201205311421
_bazwani_m
040 _aAKMAL
_cAKMAL
043 _aa-my---
049 0 0 _amal
082 0 4 _a351.595 PER
_221
090 0 0 _a351.595
_bPER
245 0 0 _aBiografi Tan Sri Dato' Seri Ahmad Sarji bin Abdul Hamid
260 _aKuala Lumpur :
_bArkib Negara Malaysia,
_c2002
300 0 0 _av, 41ms. :
_bil. ;
_c21cm
440 0 _aSiri penulisan biografi tokoh-tokoh perkhidmatan awam ;
_vbil. 1
_94120
600 0 0 _aAhmad Sarji bin Abdul Hamid,
_cTan Sri Dato' Seri,
_d1938-
_xBiography
_94121
650 0 _aPublic administration
_vBiography
_94122
650 0 _aCivil service
_zMalaysia
_9420
650 0 _aPublic officers
_vBiography
_94123
856 4 1 _uftp://tag856.pnm.gov.my/tag856/buku/9679120619.pdf
_yElectronic Resource
942 _2ddc
_cBOOK